000 00804cam a2200217 4500
001 WS107410
008 000000n 000 0 eng u
035 _a(Sirsi) u107410
110 _aCentre for Housing Policy
_92321
245 _aCentre for Housing Policy
520 _aBased at York University, this is a leading academic and policy research unit. Currently pages include news about the organisation and details of its research, also the University of York Rent Index.
650 _aRENT INDEX
650 _aHOMELESSNESS
650 _aOWNER-OCCUPATION
650 _aPRIVATE RENTED SECTOR
650 _aSOCIAL HOUSING
650 _aRESIDENTIAL
690 _aHOUSING
856 4 0 _uhttps://www.york.ac.uk/inst/chp
_zView the website free of charge at www.york.ac.uk/inst/chp...
942 _n0
999 _c119538
_d119538